01358nam a2200349 a 450000100060000000300090000600500170001500600150003200800410004701600300008801700530011802000150017103500200018604000280020608000250023408200220025924501370028125000120041826000270043030000290045749000150048650400410050165000380054270000420058083000570062292600470067994200120072695600060073898001090074499900170085395201380087025938CO-ViMGA20230915232139.0bimo0002040071141112s2004 ck r 000 u spa d abimoBNE20050462305 SpMaBN aB 3389 - 2005 Oficina Depósito Legal Barcelona a8478273733 a(OCoLC)70204194 aCO-ViMGAbspacCO-ViMGA aMEVIGAPOR.738.5 : 3704aMEVIGAPOR.738 I6810aInternet y competencias básicas : baprender a colaborar, a comunicarse, a participar, a aprender C. Monereo (coord.) ... [et al.] a1¬ ed. aBarcelona Grao, c2005 a147 p. il., graf , 24 cm aGraó 209 aIncluye referencias bibliográficas14aInternet en la enseñanza9404721 aMonereo i Font, Carles 1957 - 940473 aGraó (Editorial Graó. Ed. española) 209940474 aBNALCALA SG_PETANTI 12/313936 FONDO_MODE 1 2ddccBK a2 a017. B 3389 - 2005 020. 84 - 7827 - 373 - 5 852. 40 M - BN BNALCALA MO04706018 12/313936 DG ALCALA c33175d33175 00102ddc40708002aMEVIECARbMEVIECARd2015-12-04h04/sep/2014l0o004.738 I68 p27214r2022-06-16 00:00:00tEj. 1w2015-12-04yBK